00737nam a22002297a 4500003000500000005001700005008004100022020002000063040001400083041000600097082001200103100001900115245004200134260004100176300002200217655003000239655002500269655002600294942005800320999001900378952011000397322820250409114815.0250409b sa ||||| |||| 00| 1 AFR d a0799302899qhbk aRDAc2000 2A aAF GRIE aGriessel, Nita aTamaryn van die veld /cNita Griessel aPretoria :bTreffer-Boekklub, c1977 a149 pagesc21 cm. 09189056aAfrikaans Fiction 09188628aFarm Stories 09188216aLight Romance 2ddccBKw296xPhillipina Naudey296zPhillipina Naude c774481d774480 00102ddc40708FaKLIPLbKLIPLcFICd2025-04-09l0oAF GRIEp138090r2025-04-09w2025-04-09yBKzD75598